00741nam a2200217 4500003000400000005001700004008004100021020001500062040001800077050001300095100003700108245014100145264003700286300004900323336002200372337002400394338002400418650005200442942001200494999001700506OSt20260530113906.0260420b1979 sp a|||| |||| 00| 0 spa d a8425209528 aICIbspacICI aP91bA521 aAicher, Otl, d1922-1991,93285210aSistemas de signos en la comunicación visual /cOtl Aicher, Martin Krampen versión castellana de Reinald Bernet y Erundina Vilaplana 1bGustavo Gili,c1979aBarcelona : a155 páginasbilustraciones, planosc30 cm. atexto2rdacontent asin medio2rdamedia avolumen2rdacarrier4 aComunicaciónxAuxiliares audiovisuales932853 2lcccBK c11967d11967